[Event "25. Copenhagen Open  (Politiken Cup)"]
[Site "Copenhagen"]
[Date "2003.07.22"]
[Round "8"]
[White "Spanton, Timothy"]
[Black "Nilsson, Nils Specht"]
[Result "1/2-1/2"]
[WhiteElo "2021"]
[BlackElo "2149"]
[PlyCount "119"]
[EventDate "2003.07.14"]
[EventType "swiss"]
[EventRounds "11"]
[EventCountry "DEN"]
[SourceDate "2004.01.01"]

1. e4 c5 2. c4 e6 3. Nc3 Nc6 4. Nf3 a6 5. d4 cxd4 6. Nxd4 Bb4 7. Be3 Nf6 8.
Nxc6 bxc6 9. Bd3 Qa5 10. Bd2 Qc7 11. O-O O-O 12. Rc1 Be7 13. f4 d5 14. cxd5
Qb6+ 15. Kh1 cxd5 16. e5 Nd7 17. Qe2 Re8 18. f5 Nc5 19. Bb1 d4 20. f6 d3 21.
Qg4 g6 22. fxe7 Rxe7 23. Ne4 Nxe4 24. Qxe4 Bb7 25. Qxd3 Rd8 26. Qc3 Red7 27.
Bg5 Rc8 28. Qb3 Rxc1 29. Rxc1 Qf2 30. Rg1 Bd5 31. Qc2 Qxc2 32. Bxc2 Bxa2 33.
Rd1 Bd5 34. Be4 Rb7 35. Bxd5 exd5 36. Rd2 Kg7 37. Bf6+ Kh6 38. Kg1 g5 39. Kf2
Kg6 40. Ke3 Kf5 41. Kd4 g4 42. Rc2 Rb5 43. Kc3 a5 44. Kd4 a4 45. Rf2+ Ke6 46.
Kc3 Rb3+ 47. Kc2 d4 48. Rd2 Rb4 49. Rd3 Kd5 50. h3 Rc4+ 51. Kb1 Ke4 52. Rg3
gxh3 53. Rxh3 Rc7 54. Rxh7 d3 55. Rh4+ Kd5 56. Bg5 Rc2 57. Be3 Re2 58. Rd4+
Kxe5 59. Rxd3 Ke4 60. Rd4+ 1/2-1/2

[Event "25. Copenhagen Open  (Politiken Cup)"]
[Site "Copenhagen"]
[Date "2003.07.22"]
[Round "8"]
[White "Stolberg-Rohr, Thomine"]
[Black "Hagesaether, Torill"]
[Result "1-0"]
[WhiteElo "1773"]
[BlackElo "2051"]
[PlyCount "79"]
[EventDate "2003.07.14"]
[EventType "swiss"]
[EventRounds "11"]
[EventCountry "DEN"]
[SourceDate "2004.01.01"]

1. e4 d5 2. exd5 Qxd5 3. Nc3 Qd6 4. Bc4 Nf6 5. d3 a6 6. a4 Nc6 7. Nge2 Bg4 8.
Be3 e6 9. O-O Be7 10. f4 O-O 11. h3 Bh5 12. Qe1 Nb4 13. Bb3 Bxe2 14. Qxe2 Nbd5
15. Bd2 Rfe8 16. Rae1 c5 17. Qf3 Rab8 18. f5 b5 19. fxe6 fxe6 20. Bxd5 exd5 21.
Bf4 Qd7 22. Bxb8 Rxb8 23. axb5 axb5 24. Re5 d4 25. Ne4 c4 26. Qg3 Nxe4 27. Rxe4
Bd6 28. Qg5 c3 29. b3 Kh8 30. Kh1 Bf8 31. Qe5 Rd8 32. Rxd4 Qc8 33. Qf4 Re8 34.
Qf7 b4 35. Rdf4 Bd6 36. Rg4 Rg8 37. Re1 Qa8 38. Rh4 Bg3 39. Rxh7+ Kxh7 40. Qh5#
1-0

[Event "25. Copenhagen Open  (Politiken Cup)"]
[Site "Copenhagen"]
[Date "2003.07.22"]
[Round "8"]
[White "Struch, Thomas"]
[Black "Poulsen, Morten Kjaer"]
[Result "1-0"]
[WhiteElo "1600"]
[BlackElo "2079"]
[PlyCount "41"]
[EventDate "2003.07.14"]
[EventType "swiss"]
[EventRounds "11"]
[EventCountry "DEN"]
[SourceDate "2004.01.01"]

1. e4 e5 2. Nf3 Nc6 3. Bb5 a6 4. Bxc6 dxc6 5. O-O Bd6 6. d4 exd4 7. Qxd4 f6 8.
e5 Bxe5 9. Qe3 Qe7 10. Re1 Bg4 11. Nxe5 fxe5 12. Qg3 Nf6 13. Bg5 O-O 14. Qxg4
Qc5 15. Bxf6 Rxf6 16. Qe2 Raf8 17. Rf1 Qd4 18. Nc3 Rh6 19. Qe4 Qd6 20. Rad1 Qe6
21. f4 1-0

[Event "25. Copenhagen Open  (Politiken Cup)"]
[Site "Copenhagen"]
[Date "2003.07.22"]
[Round "8"]
[White "Thestrup, Sixten"]
[Black "Auchenberg, Einar"]
[Result "1-0"]
[WhiteElo "1704"]
[BlackElo "1549"]
[PlyCount "91"]
[EventDate "2003.07.14"]
[EventType "swiss"]
[EventRounds "11"]
[EventCountry "DEN"]
[SourceDate "2004.01.01"]

1. e4 Nc6 2. d4 e5 3. d5 Nce7 4. Nc3 d6 5. f4 exf4 6. Bxf4 Ng6 7. Bg3 f5 8. Bd3
f4 9. Bf2 Ne5 10. Nf3 Bg4 11. Be2 Nxf3+ 12. Bxf3 Bd7 13. Ne2 Qf6 14. c3 h5 15.
Qd2 g5 16. Bd4 Qh6 17. Bxh8 Qxh8 18. h3 Bg7 19. O-O-O O-O-O 20. g3 fxg3 21.
Nxg3 g4 22. hxg4 h4 23. Nf5 Bxf5 24. exf5 Ne7 25. Kb1 Be5 26. Qf2 c5 27. dxc6
bxc6 28. Qxa7 Bf6 29. Qb6 d5 30. c4 Rd7 31. Qa6+ Rb7 32. b3 Ba1 33. Qa3 dxc4
34. b4 Bc3 35. Kc2 Bxb4 36. Qb2 Qxb2+ 37. Kxb2 Bd2+ 38. Kc2 Bg5 39. Kc3 Ra7 40.
Kxc4 Rxa2 41. Rd6 Bf4 42. Re6 Rc2+ 43. Kd3 Rf2 44. Ke4 Bg5 45. f6 Ng6 46. f7
1-0

[Event "25. Copenhagen Open  (Politiken Cup)"]
[Site "Copenhagen"]
[Date "2003.07.22"]
[Round "8"]
[White "Tidman, Sophie E"]
[Black "Brinck Claussen, Bjorn"]
[Result "0-1"]
[WhiteElo "2126"]
[BlackElo "2355"]
[PlyCount "76"]
[EventDate "2003.07.14"]
[EventType "swiss"]
[EventRounds "11"]
[EventCountry "DEN"]
[SourceDate "2004.01.01"]

1. e4 e5 2. Nf3 Nc6 3. Bc4 Bc5 4. O-O Nf6 5. d4 Bxd4 6. Nxd4 Nxd4 7. f4 d6 8.
c3 Ne6 9. f5 Nc5 10. Nd2 c6 11. Qe1 b5 12. Bb3 O-O 13. Bc2 d5 14. b4 Ncxe4 15.
Nxe4 dxe4 16. Bg5 a5 17. Kh1 axb4 18. Bxe4 bxc3 19. Bxc6 Ra6 20. Bxb5 Rb6 21.
a4 Qd5 22. Rd1 Qe4 23. Qxc3 Bb7 24. Qd2 Qg4 25. Bxf6 Rxf6 26. Qe2 Qg5 27. Rd7
Ba8 28. Bd3 Rh6 29. Kg1 Rh4 30. Rf2 e4 31. Bb5 e3 32. Rf3 Bxf3 33. Qxf3 Rf4 34.
Qh3 Rxf5 35. Bd3 e2 36. Bxe2 Rf4 37. Qb3 Qc5+ 38. Kh1 Qa5 0-1

[Event "25. Copenhagen Open  (Politiken Cup)"]
[Site "Copenhagen"]
[Date "2003.07.22"]
[Round "8"]
[White "Trarup, Jorgen"]
[Black "Lisdorf, Bjorn"]
[Result "1-0"]
[WhiteElo "1360"]
[BlackElo "1398"]
[PlyCount "123"]
[EventDate "2003.07.14"]
[EventType "swiss"]
[EventRounds "11"]
[EventCountry "DEN"]
[SourceDate "2004.01.01"]

1. e4 e5 2. Nf3 Nf6 3. c3 Nxe4 4. Qe2 Nf6 5. Qxe5+ Be7 6. Nd4 d6 7. Qb5+ Qd7 8.
Be2 c6 9. Qg5 c5 10. Bb5 Nc6 11. Ne2 Ng4 12. Qf4 a6 13. Bxc6 bxc6 14. O-O Ne5
15. Qg3 g5 16. d3 Kd8 17. Bxg5 Bxg5 18. Qxg5+ Kc7 19. d4 cxd4 20. cxd4 Ng6 21.
Ng3 f5 22. Re1 Kb8 23. Nc3 Ra7 24. Re2 Qg7 25. Nxf5 Bxf5 26. Qxf5 Nh4 27. Qh3
Rg8 28. Qg3 Qxg3 29. hxg3 Nf5 30. Rd1 h5 31. Ne4 h4 32. gxh4 Nxh4 33. Ng3 Rh8
34. Rde1 Rb7 35. Re8+ Rxe8 36. Rxe8+ Kc7 37. Re7+ Kb6 38. Rxb7+ Kxb7 39. f4 Kc7
40. f5 Kd7 41. Kh2 c5 42. dxc5 d5 43. Kh3 Nxf5 44. Nxf5 Ke6 45. Nd4+ Ke5 46. c6
Kxd4 47. c7 Ke3 48. c8=Q d4 49. Qc1+ Ke2 50. Qc2+ Ke3 51. Qd1 d3 52. g4 d2 53.
g5 a5 54. g6 a4 55. g7 a3 56. bxa3 Kf2 57. Qxd2+ Kf1 58. Qf4+ Ke1 59. g8=Q Kd1
60. Qb3+ Ke2 61. Qfe3+ Kf1 62. Qb1# 1-0

[Event "25. Copenhagen Open  (Politiken Cup)"]
[Site "Copenhagen"]
[Date "2003.07.22"]
[Round "8"]
[White "Tuomisto, Keijo"]
[Black "Vovk, Oksana"]
[Result "0-1"]
[WhiteElo "1780"]
[BlackElo "2107"]
[PlyCount "136"]
[EventDate "2003.07.14"]
[EventType "swiss"]
[EventRounds "11"]
[EventCountry "DEN"]
[SourceDate "2004.01.01"]

1. e4 e6 2. d4 d5 3. Nd2 c5 4. exd5 exd5 5. Ngf3 Nc6 6. c3 Bd6 7. Be2 Nge7 8.
O-O O-O 9. dxc5 Bxc5 10. Nb3 Bd6 11. Bg5 Qc7 12. Nbd4 a6 13. h3 h6 14. Be3 Ne5
15. Nxe5 Bxe5 16. Qd2 Rd8 17. Rfe1 Bf5 18. a4 Be4 19. a5 Rd6 20. f3 Bh7 21. Bf4
Ng6 22. Bxe5 Nxe5 23. Qe3 Rdd8 24. Bxa6 Nxf3+ 25. Nxf3 bxa6 26. Qe7 Qxe7 27.
Rxe7 Kf8 28. Rae1 Be4 29. Rb7 Rdb8 30. Rxb8+ Rxb8 31. b4 Bxf3 32. gxf3 d4 33.
Rc1 dxc3 34. Rxc3 Rxb4 35. Rc6 Rf4 36. Rxa6 Rxf3 37. Kg2 Ra3 38. Ra8+ Ke7 39.
Ra6 Kd7 40. Kh2 Rc3 41. Ra8 Ra3 42. a6 Ke6 43. Ra7 Kf6 44. Ra8 Kg5 45. Ra7 Kg6
46. Ra8 f5 47. Ra7 Kf6 48. Kg2 g6 49. Rh7 Kg5 50. a7 Kh5 51. Kf2 f4 52. Kg2 g5
53. Kf2 Kg6 54. Rb7 Kh5 55. Rh7 g4 56. hxg4+ Kxg4 57. Rxh6 Ra2+ 58. Kg1 Rxa7
59. Rh8 Kf3 60. Rb8 Ra1+ 61. Kh2 Re1 62. Rb3+ Re3 63. Rb4 Re4 64. Rb3+ Kf2 65.
Rb2+ Re2 66. Rb1 f3 67. Ra1 Rd2 68. Rg1 Rd7 0-1

[Event "25. Copenhagen Open  (Politiken Cup)"]
[Site "Copenhagen"]
[Date "2003.07.22"]
[Round "8"]
[White "Vik Hansen, Rune"]
[Black "Nilsson, Jonas"]
[Result "0-1"]
[WhiteElo "1787"]
[BlackElo "1631"]
[PlyCount "112"]
[EventDate "2003.07.14"]
[EventType "swiss"]
[EventRounds "11"]
[EventCountry "DEN"]
[SourceDate "2004.01.01"]

1. e4 e6 2. d3 d5 3. Nd2 Bd6 4. Ngf3 Nc6 5. g3 Nf6 6. Bg2 Bd7 7. O-O dxe4 8.
dxe4 Qe7 9. c3 e5 10. b4 a6 11. Re1 Bg4 12. Qc2 O-O 13. Nc4 Rad8 14. Ne3 Bh5
15. Nf5 Qe6 16. Ng5 Qc8 17. Bh3 Bg4 18. Bxg4 Nxg4 19. Qe2 Nf6 20. h3 Rfe8 21.
Qc4 Qd7 22. Kg2 h6 23. Nf3 Qe6 24. Qe2 Bf8 25. N3h4 Qd7 26. Qf3 Qd3 27. Re3 Qd1
28. Nxh6+ gxh6 29. Qxf6 Re6 30. Qf3 Qxf3+ 31. Rxf3 Ne7 32. Be3 Rd3 33. Rc1 b6
34. Kf1 Ng6 35. Ng2 Rc6 36. Ne1 Rdxc3 37. Rxc3 Rxc3 38. Bd2 Rc4 39. a3 Rxe4 40.
Rc3 Rd4 41. Be3 Rd7 42. Ke2 Kg7 43. Nf3 Bd6 44. h4 Ne7 45. Bc1 f6 46. g4 c5 47.
bxc5 Bxc5 48. g5 hxg5 49. hxg5 Nc6 50. gxf6+ Kxf6 51. Ng5 Nd4+ 52. Kf1 Kf5 53.
Rg3 Ne6 54. Ke1 Nf4 55. Be3 Bxa3 56. Bxb6 Bb4+ 0-1

[Event "25. Copenhagen Open  (Politiken Cup)"]
[Site "Copenhagen"]
[Date "2003.07.22"]
[Round "8"]
[White "Wilsbeck, Jan Borge"]
[Black "Rasmussen, Jens"]
[Result "1-0"]
[WhiteElo "1975"]
[BlackElo "1638"]
[PlyCount "93"]
[EventDate "2003.07.14"]
[EventType "swiss"]
[EventRounds "11"]
[EventCountry "DEN"]
[SourceDate "2004.01.01"]

1. e4 c5 2. Nf3 d6 3. d4 cxd4 4. Nxd4 Nf6 5. Nc3 a6 6. Bc4 e6 7. Bb3 Be7 8. Be3
Bd7 9. O-O O-O 10. f4 Nc6 11. Qe2 Na5 12. e5 Nxb3 13. axb3 dxe5 14. fxe5 Nd5
15. Nxd5 exd5 16. Qh5 Qc8 17. Nf5 Bxf5 18. Qxf5 Bc5 19. Rae1 Qxf5 20. Rxf5 b6
21. Bxc5 bxc5 22. e6 fxe6 23. Rxf8+ Kxf8 24. Rxe6 a5 25. Rc6 a4 26. bxa4 c4 27.
b3 Ke7 28. Rc7+ Kf6 29. Kf2 cxb3 30. cxb3 Rb8 31. Rc3 d4 32. Rf3+ Ke5 33. Ke2
g6 34. Kd2 h6 35. Kc2 Rb7 36. Rf1 Rc7+ 37. Kd2 Rb7 38. Rb1 Ke4 39. b4 Kd5 40.
Kd3 Re7 41. b5 Re3+ 42. Kd2 Ra3 43. b6 Ra2+ 44. Kc1 Ke4 45. b7 Rxg2 46. b8=Q
Rg1+ 47. Kd2 1-0

[Event "25. Copenhagen Open  (Politiken Cup)"]
[Site "Copenhagen"]
[Date "2003.07.22"]
[Round "8"]
[White "Zachariassen, John"]
[Black "Frank Nielsen, Marie"]
[Result "0-1"]
[WhiteElo "1781"]
[BlackElo "1629"]
[PlyCount "40"]
[EventDate "2003.07.14"]
[EventType "swiss"]
[EventRounds "11"]
[EventCountry "DEN"]
[SourceDate "2004.01.01"]

1. c4 b6 2. Nc3 e5 3. d3 Bb7 4. Nf3 d6 5. e4 Nd7 6. Be2 Be7 7. O-O h6 8. Be3
Bg5 9. Nxg5 hxg5 10. Qd2 f6 11. Bg4 Nf8 12. b4 Nh6 13. Bh5+ g6 14. Be2 Ne6 15.
Rfd1 Nf4 16. Bxf4 gxf4 17. d4 Qe7 18. g3 g5 19. Bh5+ Nf7 20. Bxf7+ Qxf7 0-1

[Event "25. Copenhagen Open  (Politiken Cup)"]
[Site "Copenhagen"]
[Date "2003.07.22"]
[Round "8"]
[White "Ostergaard, Rasmus"]
[Black "Riis, Jens"]
[Result "0-1"]
[WhiteElo "2166"]
[BlackElo "2067"]
[PlyCount "68"]
[EventDate "2003.07.14"]
[EventType "swiss"]
[EventRounds "11"]
[EventCountry "DEN"]
[SourceDate "2004.01.01"]

1. d4 Nf6 2. c4 c6 3. Nc3 d5 4. Nf3 a6 5. c5 Bg4 6. Ne5 Bf5 7. Bf4 Nbd7 8. e3
Nxe5 9. Bxe5 Nd7 10. Bg3 e5 11. b4 exd4 12. exd4 Be7 13. Bd3 Bxd3 14. Qxd3 O-O
15. O-O Re8 16. a4 Nf8 17. b5 axb5 18. axb5 Ne6 19. b6 Rxa1 20. Rxa1 Bf6 21. h3
Bxd4 22. Ra7 Bxc5 23. Rxb7 Qf6 24. Ne2 h5 25. h4 Qb2 26. Qf5 Rf8 27. Qxh5 Bxb6
28. Bd6 Bxf2+ 29. Kxf2 Qxb7 30. Bxf8 Nxf8 31. Qe5 Ne6 32. g4 Qb4 33. Kg3 Qe1+
34. Kh3 Qxe2 0-1

[Event "25. Copenhagen Open  (Politiken Cup)"]
[Site "Copenhagen"]
[Date "2003.07.23"]
[Round "9"]
[White "Abrahamsson, Daniel"]
[Black "Trarup, Jorgen"]
[Result "1-0"]
[WhiteElo "1671"]
[BlackElo "1360"]
[PlyCount "71"]
[EventDate "2003.07.14"]
[EventType "swiss"]
[EventRounds "11"]
[EventCountry "DEN"]
[SourceDate "2004.01.01"]

1. e4 c5 2. c3 Nc6 3. d4 cxd4 4. cxd4 e6 5. Nf3 Bb4+ 6. Bd2 Qb6 7. a3 Bxd2+ 8.
Qxd2 Nh6 9. Nc3 O-O 10. Be2 f5 11. e5 a6 12. d5 Ne7 13. d6 Ng6 14. b4 Ng4 15.
O-O N4xe5 16. h3 Qd8 17. Rfe1 Qf6 18. Na4 b5 19. Nc5 Nc6 20. a4 Rb8 21. axb5
axb5 22. Bf1 Nge5 23. Nxe5 Nxe5 24. f4 Nc6 25. Red1 h6 26. Be2 Rf7 27. Bf3 g5
28. Nxe6 g4 29. hxg4 fxg4 30. Bxc6 dxc6 31. Nc5 Bd7 32. Ra7 Qd8 33. Qa2 Kh8 34.
Qxf7 g3 35. Rxd7 Qh4 36. Qh7# 1-0

[Event "25. Copenhagen Open  (Politiken Cup)"]
[Site "Copenhagen"]
[Date "2003.07.23"]
[Round "9"]
[White "Anders, Maik"]
[Black "Nielsen, Jrgen Kamp"]
[Result "1-0"]
[WhiteElo "1558"]
[BlackElo "1170"]
[PlyCount "69"]
[EventDate "2003.07.14"]
[EventType "swiss"]
[EventRounds "11"]
[EventCountry "DEN"]
[SourceDate "2004.01.01"]

1. d4 Nf6 2. c4 g6 3. Nc3 Bg7 4. e4 d6 5. Nf3 O-O 6. Bg5 h6 7. Be3 e5 8. d5
Nbd7 9. Be2 Nh7 10. Qd2 h5 11. O-O-O f5 12. exf5 gxf5 13. Bh6 Qf6 14. Bxg7 Qxg7
15. h4 Rf6 16. Ng5 Qh6 17. Ne6 Ndf8 18. Qxh6 Rxh6 19. Nxc7 Rb8 20. Rd3 Nf6 21.
N7b5 e4 22. Rd2 Ne8 23. Nxa7 Nd7 24. Nxc8 Rxc8 25. Nb5 Ne5 26. b3 f4 27. Rd4 f3
28. gxf3 exf3 29. Rg1+ Ng7 30. Bd1 Kh8 31. Bc2 Ng4 32. Rf4 Re8 33. Rxf3 Ne5 34.
Rfg3 Ng4 35. f3 1-0

[Event "25. Copenhagen Open  (Politiken Cup)"]
[Site "Copenhagen"]
[Date "2003.07.23"]
[Round "9"]
[White "Andersen, Kaare Vissing"]
[Black "Jakobsen, Ole"]
[Result "1/2-1/2"]
[WhiteElo "2245"]
[BlackElo "2381"]
[PlyCount "82"]
[EventDate "2003.07.14"]
[EventType "swiss"]
[EventRounds "11"]
[EventCountry "DEN"]
[SourceDate "2004.01.01"]

1. e4 c5 2. Nf3 e6 3. d3 b6 4. g3 Bb7 5. Bg2 d6 6. O-O Be7 7. c3 Nf6 8. Nbd2
Qc7 9. Re1 O-O 10. a4 Nc6 11. Qc2 Rac8 12. Nf1 Rfd8 13. h4 Ne5 14. N1h2 Ba6 15.
Bf1 Nfd7 16. Bg5 Re8 17. Bxe7 Rxe7 18. d4 Nxf3+ 19. Nxf3 Bxf1 20. Rxf1 cxd4 21.
Nxd4 a6 22. Qe2 Qb7 23. c4 Nf6 24. Rfe1 g6 25. b3 Ree8 26. Qf3 Kg7 27. e5 Qxf3
28. Nxf3 dxe5 29. Nxe5 Red8 30. Rad1 Kf8 31. Kf1 Ke8 32. f3 Nd7 33. Rxd7 Rxd7
34. Nxd7 Kxd7 35. Ke2 a5 36. Ke3 Rc5 37. Rd1+ Ke7 38. g4 h6 39. Rd3 f6 40. f4
h5 41. g5 fxg5 1/2-1/2

[Event "25. Copenhagen Open  (Politiken Cup)"]
[Site "Copenhagen"]
[Date "2003.07.23"]
[Round "9"]
[White "Auchenberg, Einar"]
[Black "Vik Hansen, Rune"]
[Result "0-1"]
[WhiteElo "1549"]
[BlackElo "1787"]
[PlyCount "72"]
[EventDate "2003.07.14"]
[EventType "swiss"]
[EventRounds "11"]
[EventCountry "DEN"]
[SourceDate "2004.01.01"]

1. e4 c5 2. f4 d5 3. exd5 Nf6 4. Bb5+ Nbd7 5. c4 a6 6. Bxd7+ Bxd7 7. Nc3 b5 8.
d3 g6 9. Ne4 e6 10. Qe2 Rc8 11. Bd2 b4 12. a4 Nxe4 13. Qxe4 Bg7 14. Bc1 O-O 15.
Nf3 exd5 16. Qxd5 Qe7+ 17. Kf2 Bc6 18. Re1 Qxe1+ 19. Kxe1 Bxd5 20. cxd5 Rfd8
21. d4 cxd4 22. Bd2 a5 23. b3 Rxd5 24. Rc1 Rxc1+ 25. Bxc1 Rc5 26. Kd1 Kf8 27.
Bb2 Ke7 28. Kd2 Rd5 29. Kd3 h6 30. Kc4 Kd6 31. Bxd4 Bxd4 32. Nxd4 Rc5+ 33. Kd3
Rc3+ 34. Ke2 Kd5 35. Nb5 Rxb3 36. Nc7+ Ke4 0-1

[Event "25. Copenhagen Open  (Politiken Cup)"]
[Site "Copenhagen"]
[Date "2003.07.23"]
[Round "9"]
[White "Auchenberg, Per"]
[Black "Andreasen, Jakup a Rogvi"]
[Result "1-0"]
[WhiteElo "2075"]
[BlackElo "1784"]
[PlyCount "79"]
[EventDate "2003.07.14"]
[EventType "swiss"]
[EventRounds "11"]
[EventCountry "DEN"]
[SourceDate "2004.01.01"]

1. b3 d5 2. Bb2 e6 3. f4 f5 4. Nf3 Nf6 5. e3 Bd6 6. c4 c6 7. Be2 Qe7 8. O-O
Nbd7 9. Ne5 Nf8 10. a3 N8d7 11. b4 Bxe5 12. fxe5 Ne4 13. cxd5 cxd5 14. Nc3 Nxc3
15. Bxc3 O-O 16. b5 Qg5 17. Qa4 Nb6 18. Qd4 Bd7 19. a4 Rfc8 20. a5 Nc4 21. Rfb1
b6 22. Ra4 Nxa5 23. Bxa5 bxa5 24. Rxa5 Rc7 25. b6 Rb7 26. Rba1 Qd8 27. bxa7 Qc7
28. h3 g6 29. Bf3 Be8 30. g4 Qe7 31. Kg2 Qc7 32. Ra6 Bd7 33. Kh2 fxg4 34. Bxg4
Qc8 35. Bf3 Qc7 36. Kh1 Bc8 37. Bg4 Qf7 38. Kg2 Qe7 39. R1a5 Rc7 40. Rxd5 {Tid}
1-0

[Event "25. Copenhagen Open  (Politiken Cup)"]
[Site "Copenhagen"]
[Date "2003.07.23"]
[Round "9"]
[White "Baark, Mathias"]
[Black "Kokholm, Daniel"]
[Result "1/2-1/2"]
[WhiteElo "1800"]
[BlackElo "2115"]
[PlyCount "40"]
[EventDate "2003.07.14"]
[EventType "swiss"]
[EventRounds "11"]
[EventCountry "DEN"]
[SourceDate "2004.01.01"]

1. f4 d5 2. Nf3 g6 3. g3 Bg7 4. Bg2 c6 5. c3 Bg4 6. d3 Nd7 7. O-O Bxf3 8. Bxf3
e5 9. e4 Ne7 10. fxe5 Nxe5 11. d4 Nxf3+ 12. Qxf3 O-O 13. Nd2 dxe4 14. Nxe4 Nf5
15. b3 Nxd4 16. cxd4 Bxd4+ 17. Be3 Bxa1 18. Rxa1 f5 19. Ng5 Qf6 20. Rf1 h6
1/2-1/2

[Event "25. Copenhagen Open  (Politiken Cup)"]
[Site "Copenhagen"]
[Date "2003.07.23"]
[Round "9"]
[White "Bekker Jensen, Dorte"]
[Black "Rasmussen, Henning"]
[Result "1/2-1/2"]
[WhiteElo "1593"]
[BlackElo "1816"]
[PlyCount "29"]
[EventDate "2003.07.14"]
[EventType "swiss"]
[EventRounds "11"]
[EventCountry "DEN"]
[SourceDate "2004.01.01"]

1. d4 Nf6 2. c4 g6 3. Nc3 Bg7 4. g3 d6 5. Bg2 O-O 6. Nf3 Nbd7 7. O-O e5 8. e4
Re8 9. Re1 c6 10. h3 a6 11. a4 Qe7 12. Be3 Nf8 13. Qc2 h6 14. Rad1 N8h7 15. Nh4
1/2-1/2

[Event "25. Copenhagen Open  (Politiken Cup)"]
[Site "Copenhagen"]
[Date "2003.07.23"]
[Round "9"]
[White "Brinck Claussen, Bjorn"]
[Black "Romsdal, Trond"]
[Result "1-0"]
[WhiteElo "2355"]
[BlackElo "2207"]
[PlyCount "57"]
[EventDate "2003.07.14"]
[EventType "swiss"]
[EventRounds "11"]
[EventCountry "DEN"]
[SourceDate "2004.01.01"]

1. e4 c5 2. Nf3 d6 3. d4 cxd4 4. Nxd4 Nf6 5. Nc3 a6 6. Bg5 e6 7. f4 Be7 8. Qf3
Nbd7 9. O-O-O Qc7 10. g4 b5 11. Bxf6 gxf6 12. Bd3 Bb7 13. Rhe1 O-O-O 14. a3 Nb6
15. Kb1 d5 16. exd5 Nxd5 17. Nxd5 Bxd5 18. Be4 Kb8 19. f5 Qc4 20. b3 Qc5 21.
fxe6 fxe6 22. Bxd5 Rxd5 23. Rxe6 Rxd4 24. Rxd4 Qxd4 25. Rxe7 Qb6 26. Qf4+ Ka8
27. Qe4+ Kb8 28. Re6 Qb7 29. Qf4+ 1-0

[Event "25. Copenhagen Open  (Politiken Cup)"]
[Site "Copenhagen"]
[Date "2003.07.23"]
[Round "9"]
[White "Bromann, Thorbjorn"]
[Black "Olsson, Linus"]
[Result "1/2-1/2"]
[WhiteElo "2360"]
[BlackElo "2244"]
[PlyCount "68"]
[EventDate "2003.07.14"]
[EventType "swiss"]
[EventRounds "11"]
[EventCountry "DEN"]
[SourceDate "2004.01.01"]

1. e4 c5 2. Nf3 d6 3. d4 cxd4 4. Nxd4 Nf6 5. Nc3 a6 6. Bc4 e6 7. Bb3 Nbd7 8. f4
Nc5 9. Qf3 Be7 10. O-O O-O 11. Be3 Qc7 12. g4 d5 13. exd5 Nxb3 14. cxb3 Nxd5
15. Nxd5 exd5 16. f5 Re8 17. Rfe1 Bd7 18. Qxd5 Rad8 19. Qc4 Qa5 20. a3 Bf6 21.
Bf2 Rxe1+ 22. Rxe1 Bxd4 23. Qxd4 Bc6 24. Qe5 Qd2 25. h3 h6 26. Qg3 Rd3 27. Be3
Qxb2 28. h4 Qxb3 29. g5 hxg5 30. hxg5 Qd5 31. Qb8+ Qd8 32. Qf4 Qd5 33. Qb8+ Qd8
34. Qf4 Qd5 1/2-1/2

[Event "25. Copenhagen Open  (Politiken Cup)"]
[Site "Copenhagen"]
[Date "2003.07.23"]
[Round "9"]
[White "Brondum, Eric"]
[Black "Adamski, Jan"]
[Result "1/2-1/2"]
[WhiteElo "2198"]
[BlackElo "2335"]
[PlyCount "29"]
[EventDate "2003.07.14"]
[EventType "swiss"]
[EventRounds "11"]
[EventCountry "DEN"]
[SourceDate "2004.01.01"]

1. d4 Nf6 2. c4 e6 3. g3 d5 4. Nf3 dxc4 5. Bg2 a6 6. O-O Nc6 7. e3 Rb8 8. Qe2
b5 9. b3 cxb3 10. axb3 Be7 11. Bb2 Bb7 12. e4 Nb4 13. Nc3 c5 14. dxc5 Nd7 15.
Na2 1/2-1/2

[Event "25. Copenhagen Open  (Politiken Cup)"]
[Site "Copenhagen"]
[Date "2003.07.23"]
[Round "9"]
[White "Brondum, Jan Kraul"]
[Black "Brasoy, Aksel"]
[Result "0-1"]
[WhiteElo "1569"]
[BlackElo "1794"]
[PlyCount "36"]
[EventDate "2003.07.14"]
[EventType "swiss"]
[EventRounds "11"]
[EventCountry "DEN"]
[SourceDate "2004.01.01"]

1. e4 c5 2. b3 d6 3. f4 Nc6 4. Nf3 e6 5. Nc3 a6 6. a4 Nf6 7. Bb2 Qc7 8. Be2 Be7
9. O-O O-O 10. Qe1 Nd4 11. Bd1 Nd7 12. Ne2 Nxe2+ 13. Qxe2 b6 14. g4 Bb7 15. f5
Bf6 16. d4 cxd4 17. Bxd4 Bxd4+ 18. Nxd4 Qc3 0-1

[Event "25. Copenhagen Open  (Politiken Cup)"]
[Site "Copenhagen"]
[Date "2003.07.23"]
[Round "9"]
[White "Carstensen, Jacob"]
[Black "Lilja, Richard"]
[Result "1-0"]
[WhiteElo "2275"]
[BlackElo "2137"]
[PlyCount "63"]
[EventDate "2003.07.14"]
[EventType "swiss"]
[EventRounds "11"]
[EventCountry "DEN"]
[SourceDate "2004.01.01"]

1. d4 Nf6 2. c4 g6 3. Nc3 Bg7 4. Nf3 O-O 5. g3 d6 6. Bg2 Nc6 7. d5 Na5 8. Qd3
c5 9. O-O a6 10. e4 b5 11. cxb5 axb5 12. Nxb5 Qb6 13. a4 Ba6 14. b4 Nb7 15. Rb1
cxb4 16. Rxb4 Nc5 17. Qb1 Rfb8 18. Be3 Qa5 19. Nfd4 Bxb5 20. axb5 Rb7 21. Nc6
Qa2 22. e5 Ne8 23. b6 Qxb1 24. Rfxb1 Nd3 25. Rc4 Nxe5 26. Nxe5 Bxe5 27. Rbc1 f5
28. Rc8 Rbb8 29. b7 Rxb7 30. Rxa8 Kf7 31. Bh6 Nf6 32. Rf8# 1-0

[Event "25. Copenhagen Open  (Politiken Cup)"]
[Site "Copenhagen"]
[Date "2003.07.23"]
[Round "9"]
[White "Christensen, Henrik"]
[Black "Andersen, Erik Rune Egede"]
[Result "0-1"]
[WhiteElo "1802"]
[BlackElo "2109"]
[PlyCount "64"]
[EventDate "2003.07.14"]
[EventType "swiss"]
[EventRounds "11"]
[EventCountry "DEN"]
[SourceDate "2004.01.01"]

1. e4 e6 2. d4 d5 3. Nc3 Bb4 4. e5 c5 5. a3 Bxc3+ 6. bxc3 Ne7 7. Nf3 Bd7 8. Bd3
Qa5 9. Bd2 Nbc6 10. O-O f5 11. exf6 gxf6 12. c4 Qc7 13. c3 O-O-O 14. Qe2 Kb8
15. Rfe1 Bc8 16. g3 Ka8 17. Rab1 h5 18. Rb5 cxd4 19. cxd4 dxc4 20. Bxc4 Nd5 21.
Bxd5 exd5 22. Bf4 Qg7 23. Qb2 h4 24. Rc1 Bf5 25. Nd2 hxg3 26. fxg3 Bd3 27. Rb3
Qh7 28. h4 Rde8 29. Qc3 Ba6 30. Rcb1 Rhg8 31. Nf3 Qf5 32. Qc5 Qxf4 0-1

[Event "25. Copenhagen Open  (Politiken Cup)"]
[Site "Copenhagen"]
[Date "2003.07.23"]
[Round "9"]
[White "Christensen, Jan N"]
[Black "Pedersen, Thomas"]
[Result "1-0"]
[WhiteElo "2053"]
[BlackElo "1671"]
[PlyCount "123"]
[EventDate "2003.07.14"]
[EventType "swiss"]
[EventRounds "11"]
[EventCountry "DEN"]
[SourceDate "2004.01.01"]

1. e4 c5 2. Nc3 g6 3. f4 Bg7 4. Nf3 Nc6 5. Bb5 Nd4 6. O-O a6 7. Bc4 b5 8. Bd5
Rb8 9. e5 f5 10. Nxd4 cxd4 11. Ne2 Qb6 12. d3 e6 13. Bf3 Ne7 14. Qe1 Bb7 15.
Qb4 Nc6 16. Qe1 Ne7 17. Kh1 Bxf3 18. Rxf3 Rc8 19. c3 dxc3 20. bxc3 Nd5 21. a4
b4 22. c4 Ne7 23. a5 Qb7 24. Nd4 Rb8 25. Be3 O-O 26. Rf2 Rfc8 27. Rb2 Nc6 28.
Nxc6 dxc6 29. Bc5 Qd7 30. Bd6 c5 31. Bxb8 Rxb8 32. Qe3 Bf8 33. Rd2 Rd8 34. Rad1
Qd4 35. Qxd4 Rxd4 36. g3 Be7 37. Kg2 Bd8 38. Kf3 h5 39. h3 Be7 40. g4 hxg4+ 41.
hxg4 g5 42. fxg5 fxg4+ 43. Kg3 Bxg5 44. Re2 Bd8 45. Re4 Rd7 46. Rxg4+ Kf8 47.
Rf1+ Rf7 48. Rgf4 Rxf4 49. Kxf4 Ke8 50. Ke4 Bxa5 51. Ra1 b3 52. Rb1 Bb4 53.
Rxb3 a5 54. Rb2 Kd7 55. Ra2 Bc3 56. Kf4 Bb4 57. Kg5 Bc3 58. Kf6 Bb4 59. Rh2 a4
60. Rh7+ Kd8 61. Kxe6 a3 62. Kd6 1-0